000 00707nab a2200193 4500
001 244442
003 OSt
005 20250515091251.0
007 tu
008 200917s2020|||||||
040 _aDE-2950
_cDE-2950
245 0 0 _aUmbau begeistert Architekten
_bBaukunst. Die Sanierung des Rathauses in Frankfurt hatte ihren Preis - jetzt hat die Umgestaltung des Gebäudes auch einen Preis gewonnen. Womit das millionenschwere Bauprojekt in Fachkreisen überzeugt/
_cThomas Geuchen
264 _c2024
653 _aFrankfurt (Oder)
653 _aRathaus
653 _aBDA Preis Brandenburg
773 0 _g36. Jahrgang (2025) Nr. 107 vom 09..05.2025, S. 16 mit Fotos
_tMärkische Oderzeitung
942 _2z
_cA
999 _c373769
_d373769